00700 a2200157 4500003000500000005001700005040000900022082001200031100002500043245006800068250001600136260004100152300002700193505030200220650002000522Nust20230321120613.0 cNust a657,SHI aShillinglaw, Gordon. aCost accounting : banalysis and control /cGordon Shillinglaw, arevised ed. aHomewood,b Ill., R.D. Irwin,c1967. axviii, 913 p.b 24 cm. aPart.1 Cost Accounting and its Setting (Page-1), Part.2 Measurement of Product Cost (Page-79), Part.3 Control of Operating Costs (Page-275), Part.4 Public Financial Reporting (Page-533), Part.5 Incremental Analysis for Decisions (Page-561), Part.6 Profit Planning and Control Systems (Page-745).  aCost accounting